000 00393nmm a2200145Ia 4500
008 251105s9999||||xx |||||||||||||||||und||
041 _aspa
100 _aVV.AA.
245 0 _aWork in progress
264 _a[Madrid, España] :
_bEdhasa,
_c2011
300 _a250 páginas
650 _aPolitical Science (General)
856 _uhttps://public.digitaliapublishing.com/a/30876
942 _cCF
999 _c104417
_d104417